LEADER 01056nam2 22002531i 450 001 SUN0031103 005 20050228120000.0 010 $a88-14-10365-8 100 $a20041222d2003 |0itac50 ba 101 $aita 102 $aIT 105 $a|||| ||||| 200 1 $aStati europei$eA-L$eschede di diritto comparato e straniero legalizzazione, convenzioni internazionali, schede in tema di reciprocità$fGaetano Petrelli 210 $aMilano$cGiuffrè$d2003 215 $aXXV,1004 p.$d25 cm. 461 1$1001SUN0029510$12001 $a*Formulario notarile commentato$fGaetano Petrelli$v3.2$1210 $aMilano$cGiuffrè$d2003-$1215 $avolumi$d25 cm. 620 $dMilano$3SUNL000284 700 1$aPetrelli$b, Gaetano$3SUNV000669$0235082 712 $aGiuffrè$3SUNV001757$4650 801 $aIT$bSOL$c20181231$gRICA 912 $aSUN0031103 950 $aUFFICIO DI BIBLIOTECA DEL DIPARTIMENTO DI GIURISPRUDENZA$d00CONS XV.B.24 (3.2) $e00 24712 20041222 996 $aStati europei$9930616 997 $aUNICAMPANIA